Diseño del sistema de agua potable y alcantarillado sanitario de la urbanización Monte Bello de la ciudad de Chinandega
El objetivo de este trabajo consiste en diseñar el sistema de abastecimiento de agua potable y alcantarillado sanitario de la urbanización Monte Bello de la ciudad de Chinandega.
| Main Authors: | , |
|---|---|
| Other Authors: | |
| Format: | Tesis Section = Libro |
| Language: | Undetermined Spanish |
| Published: |
Managua
UNI-IES
2017
|
| Subjects: |
| LEADER | 01149nam a2200289Ia 4500 | ||
|---|---|---|---|
| 008 | 240830s9999 xx 000 0 und d | ||
| 040 | |a BIBLIOTECA-RUPAP Mon 628.1 H557 | ||
| 041 | |a spa | ||
| 082 | |a Mon 628.1 H557 | ||
| 100 | 1 | |a Hernández Macareño, César Omar | |
| 100 | 1 | |b Zeledón D´ Trinidad, Henry Francisco | |
| 245 | 1 | 0 | |a Diseño del sistema de agua potable y alcantarillado sanitario de la urbanización Monte Bello de la ciudad de Chinandega |
| 260 | |a Managua |b UNI-IES |c 2017 | ||
| 300 | |a 129 p. :il. | ||
| 500 | |a Contiene: anexos y CD. | ||
| 502 | |a Tesis (Ingeniero Civil)- UNI, 2017. | ||
| 520 | 3 | |a El objetivo de este trabajo consiste en diseñar el sistema de abastecimiento de agua potable y alcantarillado sanitario de la urbanización Monte Bello de la ciudad de Chinandega. | |
| 650 | 7 | |a AGUA POTABLE | |
| 650 | 7 | |b SISTEMAS DE AGUA POTABLE-DISEÑO | |
| 650 | 7 | |c ALCANTARILLADO SANITARIO | |
| 650 | 7 | |d AGUAS RESIDUALES | |
| 650 | 7 | |e ESTUDIO HIDROGEOLOGICO | |
| 650 | 7 | |f ABASTECIMIENTO DE AGUA-CHINANDEGA | |
| 700 | 1 | |a Tutor: |b Silva Rocha, Byron Antonio | |
| 942 | |c BK |2 ddc | ||
| 991 | |a TESIS | ||
| 999 | |c 16224 | ||